Social welfare policies and programmes in South Asia (Record no. 969301)

MARC details
000 -LEADER
fixed length control field 00802nam a2200241Ia 4500
003 - CONTROL NUMBER IDENTIFIER
control field OSt
005 - DATE AND TIME OF LATEST TRANSACTION
control field 20250728104043.0
008 - FIXED-LENGTH DATA ELEMENTS--GENERAL INFORMATION
fixed length control field 221004b |||||||| |||| 00| 0 eng d
020 ## - INTERNATIONAL STANDARD BOOK NUMBER
International Standard Book Number 9780367443535 (hbk)
037 ## - SOURCE OF ACQUISITION
Terms of availability TB
040 ## - CATALOGING SOURCE
Original cataloging agency CRL
Transcribing agency CRL
Language of cataloging eng
041 ## - LANGUAGE CODE
Source of code eng
Language code of text/sound track or separate title eng
084 ## - COLON CLASSIFICATION NUMBER
Classification number YZ.49G, R0
Assigning agency CRL
245 #0 - TITLE STATEMENT
Title Social welfare policies and programmes in South Asia
260 ## - PUBLICATION, DISTRIBUTION, ETC.
Place of publication, distribution, etc. London, UK :
Name of publisher, distributor, etc. Routledge,
Date of publication, distribution, etc. 2020.
300 ## - PHYSICAL DESCRIPTION
Extent xxi,321p.
Dimensions cm.
650 ## - SUBJECT ADDED ENTRY--TOPICAL TERM
Topical term or geographic name entry element SOUTH ASIA - SOCIAL CONDITIONS
9 (RLIN) 582762
650 ## - SUBJECT ADDED ENTRY--TOPICAL TERM
Topical term or geographic name entry element SOCIOLOGY
700 ## - ADDED ENTRY--PERSONAL NAME
Personal name Sakaguchi Haruhiko Ed.
9 (RLIN) 601520
700 ## - ADDED ENTRY--PERSONAL NAME
Personal name Sheng-Li Cheng Ed.
9 (RLIN) 601521
942 ## - ADDED ENTRY ELEMENTS (KOHA)
Classification part YZ.49G, R0
Koha item type Textbook
Source of classification or shelving scheme
Suppress in OPAC No
Holdings
Withdrawn status Lost status Source of classification or shelving scheme Damaged status Not for loan Home library Current library Date acquired Source of acquisition Cost, normal purchase price Inventory number Total Checkouts Full call number Barcode Date last seen Price effective from Koha item type
    Colon Classification (CC)     Central Library Central Library 2022-10-05 Bright Book Service 1495.00 1781, 23/01/2020,   YZ.49G R0 CL1662183 2022-10-05 2022-10-05 Textbook
Copyright @ Delhi University Library System